Trà hoa nữ : tiểu thuyết = La Dame aux camélias

Quyển tiểu thuyết viết về câu chuyện đau thương về cuộc đời nàng kỹ nữ yêu hoa trà Macgơrit Gôchiê đã được độc giả Pháp thời bấy giờ hoan nghênh một cách khác thường, nhất là sau khi tác phẩm được chính tác giả chuyển thể thành kị...

Fuld beskrivelse

Đã lưu trong:
Bibliografiske detaljer
Hovedforfatter: Dumas, Alexandre
Format: Bog
Sprog:Undetermined
Udgivet: Hà Nội Lao động 2007
Fag:
Tags: Tilføj Tag
Ingen Tags, Vær først til at tagge denne postø!
Thư viện lưu trữ: Trung tâm Học liệu Trường Đại học Cần Thơ
LEADER 01474nam a2200229Ia 4500
001 CTU_175065
008 210402s9999 xx 000 0 und d
020 |c 58000 
082 |a 843.8 
082 |b D886 
100 |a Dumas, Alexandre 
245 0 |a Trà hoa nữ : tiểu thuyết = 
245 0 |b La Dame aux camélias 
245 0 |c Alexandre Dumas ; Hải Nguyên (Dịch) 
260 |a Hà Nội 
260 |b Lao động 
260 |c 2007 
520 |a Quyển tiểu thuyết viết về câu chuyện đau thương về cuộc đời nàng kỹ nữ yêu hoa trà Macgơrit Gôchiê đã được độc giả Pháp thời bấy giờ hoan nghênh một cách khác thường, nhất là sau khi tác phẩm được chính tác giả chuyển thể thành kịch. Gần một trăm năm mươi năm nay, mặc dù không tránh khỏi những hạn chế tất yếu do đặc điểm thời đại Dumas quy định, tác phẩm giàu chất lãng mạn trữ tình đồng thời chứa đựng nhiều yếu tố hiện thực , thấm đượm tinh thần nhân đạo này đã chứng minh giá trị và sức sống lâu dài của nó. 
650 |a French fiction 
650 |y 19th century 
904 |i Hằng Ni, Trân, Năm 
980 |a Trung tâm Học liệu Trường Đại học Cần Thơ